000 00550nam a2200181 a 4500
005 20140310183319.0
008 050706s19uu xx 00 eng d
020 _a8176486655
050 _aHF 5635
_b.R313 2004
100 _aReddy, R. Jayaprakash
245 _aAdvanced financial accounting and software /
_cR. Jayaprakash Reddy.
260 _aNew Delhi :
_bS.B Nangia for APH Publishing Coporation,
_c2004.
300 _a147 p. :
_bill. ;
_c19 cm.
521 _aBSA
650 _aFinancial accounting.
942 _cBK
_2lcc
_kFOR
999 _c21354
_d21354